| 000 | 00431nam a22001337a 4500 | ||
|---|---|---|---|
| 040 | _cNUST | ||
| 082 | _a200 THE | ||
| 100 |
_aMuhammad Abbas _984397 |
||
| 110 |
_aSupervised Dr. Hamid Jabbar _984398 |
||
| 245 | _aTH-SOF-1891-Design Calculator and Performance Analyzer Software Tool for Step-down Piezoelectric Transformer | ||
| 260 |
_aISLAMABAD: _bNUST COLLEGE OF EME, _c2021. |
||
| 650 |
_aMS-MTS-17 _984399 |
||
| 942 |
_2ddc _cTHE |
||
| 999 |
_c586835 _d586835 |
||